Texto de ejercicios resueltos de hidráulica. 1. Nelame.

Bibliographic Details
Main Author: Lanza Mejía, Néstor Javier.
Format: Section = Libro
Language:Undetermined
Spanish
Published: [s.e] 2012
Subjects:
LEADER 00545nam a2200205Ia 4500
008 241007s9999||||xx |||||||||||||| ||und||
040 |a BIBLIOTECA-RURC/ 627 L297 
041 |a spa 
082 |a 627 L297 
100 1 |a Lanza Mejía, Néstor Javier. 
245 1 0 |a Texto de ejercicios resueltos de hidráulica. 1. Nelame. 
260 |b [s.e]  |c 2012 
300 |a 300 p. :il. 
650 7 |a PROPIEDADES DE LOS LIQUIDOS 
650 7 |b  COMPRESIBILIDAD 
650 7 |c  VISCOSIDAD 
650 7 |d  MANOMETROS 
942 |c BK  |2 ddc 
991 |a TEXTO 
999 |c 14492